000 00298nam a2200121Ia 4500
005 20251222144659.0
008 251222s9999||||xx |||||||||||||| ||spa||
082 _a270/B41
100 _aBellini, Enzo
245 0 _aLos Santos Padres en la Tradición Cristiana
264 _bEncuentro
942 _cLIB
999 _c17378
_d17378